000 00620nam a2200193 i 4500
001 47590
003 ES-MaACL
007 t|
008 030507s1916 sp ||||1| spa d
080 _a821.134.2-32"18"
100 1 _aDicenta, Joaquín,
_d1863-1917
_944474
245 1 4 _aLos bárbaros
_b: refundición hecha expresamente por su autor para la Novela Corta /
_cJoaquín Dicenta.
260 _aMadrid :
_b[s.n.,
_c1916]
300 _a50 p. ;
_c19 cm.
490 1 _aLa novela corta ;
_v44
830 0 _aLa novela corta ;
_v44
_9182142
852 _aES-MaACL
_jG-4948(44)
_bR.132489
999 _c47590
_d47590